Allgemeinwissen Quiz leicht - Statistiken

Allgemein
  • Dieses Quiz wurde 97 mal gespielt
  • Das Durchschnittsergebnis liegt bei 10 aus 15
Antwortstatistiken
Hint Antwort % Korrekt
Wie viele Kontinente gibt es? 7
99%
In welchem Jahr fiel die Berliner Mauer? 1989
92%
Welcher Ozean ist der größte? Pazifik
92%
Welcher Planet ist der Sonne am nächsten? Merkur
89%
Welche Einheit misst elektrische Spannung? Volt
84%
Welche Farbe hat Chlorophyll? Grün
82%
Wer malte die Mona Lisa? Leonardo da Vinci
78%
Wie heißt das chemische Symbol für Gold? AU
76%
Welches Metall ist bei Raumtemperatur flüssig? Quecksilber
73%
Welches Land war früher als Persien bekannt? Iran
69%
Wie viele Bits hat ein Byte? 8
46%
Wie heißt die längste Knochen im menschlichen Körper? Oberschenkelknochen
39%
Welches Land trat 1973 der Europäischen Gemeinschaft bei (heute EU)? Vereinigtes Königreich
26%
Was bedeutet das Wort ‚Demokratie‘ ursprünglich? Volksherrschaft
17%
Wie nennt man die Lehre vom richtigen Schließen? Logik
6%
Keine übereinstimmenden Quizze gefunden
Verteilung der Resultate
Anzahl Personen mit jedem Resultat
Perzentil nach korrekt beantworteten Fragen
Ihre Resultats-Entwicklung
Sie haben dieses Quiz noch nicht gespielt